000
00309nam a2200133Ia 4500
008
240624s9999 xx 000 0 und d
041
_a
eng
082
_a
658.4012 LEO
100
_a
LEON ALEXIS
245
_a
ERP DEMYSTIFIED
260
_c
2004
_a
New Delhi
_b
Tata McGrawhill
300
_a
xiii, : 485
365
_c
RS
999
_c
668
_d
668